00463nam a2200193 a 4500001001300000003000900013005001700022008004100039020001000080082001700090100001500107245002800122260003000150300000800180500003500188505001900223650001200242700001500254nice12345678IN_TiNIC20260116012143.0050524s0000 egta grp 000 0 ara  ac10000a231.044bAYA aAyad, Abad aAt-Tasleeth Wat-Tawheed aEgtptbQatzad Pressc0000 a32p aincludes index and biblioraphy2 aReserve copies aTrinity1 aAyad, Abad